Normal view
MARC view
Entry Personal Name
001 - CONTROL NUMBER
- control field: 16346
003 - CONTROL NUMBER IDENTIFIER
- control field: dpl
005 - DATE AND TIME OF LATEST TRANSACTION
- control field: 20100823150422.0
008 - FIXED-LENGTH DATA ELEMENTS
- fixed length control field: 100823|||a|||||| | ||| d
040 ## - CATALOGING SOURCE
- Original cataloging agency: dpl
- Transcribing agency: dpl
100 ## - HEADING--PERSONAL NAME
- Personal name: भंडारी, मन्नू
670 ## - SOURCE DATA FOUND
- Source citation: Work cat.: (dpl)34867: भंडारी, मन्नू, रजनीगन्धाः पटकथा /, 2009
670 ## - SOURCE DATA FOUND
- Source citation: Work cat.: (dpl)34867: भंडारी, मन्नू, रजनीगन्धाः पटकथा /, 2009
